Invisible Cities (Record no. 39498)

MARC details
000 -LEADER
fixed length control field 00413nam a2200145Ia 4500
008 - FIXED-LENGTH DATA ELEMENTS--GENERAL INFORMATION
fixed length control field 211109s9999||||xx |||||||||||||| ||und||
082 ## - DEWEY DECIMAL CLASSIFICATION NUMBER
Classification number 418.99
Item number CAL-I
100 ## - MAIN ENTRY--PERSONAL NAME
Personal name Calvino, Italo
245 #0 - TITLE STATEMENT
Title Invisible Cities
260 ## - PUBLICATION, DISTRIBUTION, ETC.
Name of publisher, distributor, etc. Current Books
Place of publication, distribution, etc. Kottayam Bn 795
Date of publication, distribution, etc. 1900
300 ## - PHYSICAL DESCRIPTION
Extent 125p.
630 ## - SUBJECT ADDED ENTRY--UNIFORM TITLE
General subdivision GENERAL STACK
650 ## - SUBJECT ADDED ENTRY--TOPICAL TERM
Topical term or geographic name entry element Language
942 ## - ADDED ENTRY ELEMENTS (KOHA)
Koha item type BOOK
650 ## - SUBJECT ADDED ENTRY--TOPICAL TERM
Form subdivision Linguistics
General subdivision Standard usage & applied linguisticsGeneralia
Holdings
Withdrawn status Lost status Damaged status Not for loan Home library Current library Date acquired Cost, normal purchase price Total Checkouts Full call number Barcode Shelving location Date last seen Price effective from Koha item type
        SB LIBRARY SB LIBRARY 09/11/2021 100.00   418.99 CAL-I 00081044 GENERAL STACK 09/11/2021 09/11/2021 BOOK

Powered by Koha